Intellectual Property Law . (Record no. 40979)

MARC details
000 -LEADER
fixed length control field 00402nam a2200181Ia 4500
020 ## - INTERNATIONAL STANDARD BOOK NUMBER
ISBN 9785579662
050 ## - CALL MARK
Classification number KP 109 .U5/
100 ## - STATEMENT OF RESPONSIBILITY--MAIN AUTHOR NAME
Personal name Umaru, m.j
245 #0 - TITLE STATEMENT
Title Intellectual Property Law .
260 ## - PUBLICATION, DISTRIBUTION, ETC. (IMPRINT)
Place of publication sokoto
260 ## - PUBLICATION, DISTRIBUTION, ETC. (IMPRINT)
Name of publisher danfodio press
260 ## - PUBLICATION, DISTRIBUTION, ETC. (IMPRINT)
Year of publication 2018
300 ## - PHYSICAL DESCRIPTION
Number of Pages 277 p
650 ## - SUBJECT ADDED ENTRY--TOPICAL TERM
Topical Term sokoto
942 ## - ADDED ENTRY ELEMENTS (KOHA)
Koha item type Books
Holdings
Withdrawn status Lost status Source of classification or shelving scheme Damaged status Not for loan Permanent Location Current Location Shelving location Date acquired Accession Number Price effective from Koha item type
    Library of Congress Classification     Law Library Law Library Items on shelf 06/03/2025 0188352 06/03/2025 Books
    Library of Congress Classification     NILE UNIVERSITY OF NIGERIA - MAIN LIBRARY NILE UNIVERSITY OF NIGERIA - MAIN LIBRARY Items on shelf 06/03/2025 0188353 06/03/2025 Books